Statistiche per Riconosci il Calciatore - Quiz n°90

Clicka qui per fare il quiz!

Statistiche generali

  • Questo quiz è stato fatto 7 volte
  • Il punteggio medio è 17 su 23

Statistiche sulle risposte

IndizioRisposta% Corretto
NazionalitàBrasile
100%
Squadra di club 10Brasilense 2018-2020
100%
RuoloDifensore
100%
Squadra di club 1Internacional 1997-2000
100%
Trofei per clubCoppa di Lega tedesca: 2
Bayern Monaco: 2004, 2007
Campionato tedesco: 3
Bayern Monaco: 2004-2005, 2005-2006, 2007-2008
Coppa di Germania: 3
Bayern Monaco: 2004-2005, 2005-2006, 2007-2008
Campionato italiano: 1
Inter: 2009-2010
Coppa Italia: 2
Inter: 2009-2010, 2010-2011
Supercoppa italiana: 2
Inter: 2010
Juventus: 2012
UEFA Champions League: 1
Inter: 2009-2010
Coppa del mondo per club: 1
Inter: 2010
83%
Squadra di club 6San Paolo 2013-2014
83%
Trofei individuali0
67%
Data di nascita08/05/1978
67%
Presenze in nazionale107
67%
Altezza188 cm
67%
Gol nei club49
67%
Gol in nazionale5
67%
Presenze nei club678
67%
Peso85 kg
67%
Squadra di club 2Bayer Leverkusen 2000-2004
67%
Squadra di club 3Bayern Monaco 2004-2009
67%
Trofei per nazionaliCampionato mondiale: 1
Corea del Sud-Giappone 2002
Confederations Cup: 2
Germania 2005, Sud Africa 2009
67%
Squadra di club 8FC Goa 2015-2016
67%
Squadra di club 9Gama 2017-2018
67%
Squadra di club 4Inter 2009-2012
67%
Squadra di club 5Juventus 2012-2012
67%
CalciatoreLúcio
67%
Squadra di club 7Palmeiras 2014-2015
67%

Distribuzione punteggi

Percentile per numero di risposta

Percentuale di utenti per punteggio

I tuoi punteggi nel tempo

Non hai fatto questo quiz